| 000 | 00642 a2200169 4500 | ||
|---|---|---|---|
| 003 | Nust | ||
| 005 | 20230102095140.0 | ||
| 040 | _cNust | ||
| 082 | _a355.30954,PAK | ||
| 100 |
_aAmjad, Maj Gen Ijaz _9106583 |
||
| 245 |
_aPakistan Army Green Book -1992, _bYear of the Senior Field Commanders / _cGHQ Rawalpindi |
||
| 260 |
_aRawalpindi _bGHQ _c1992 |
||
| 300 | _a278 p | ||
| 505 | _aPart.1: Leadership-The Senior Field Commanders (Page-1), ,Part.2: Recoganization, Development and Induction of weapons (Page-137), Part.3: Future Trends in Weapons (Page-231). | ||
| 650 |
_aPak-Army Green Book _9106459 |
||
| 942 |
_cBK _2ddc _k355.30954,PAK |
||
| 999 |
_c215428 _d215428 |
||